00522nam a22001937a 450000500170000001000130001702000220003003500130005203700160006504000120008108200150009310000250010824500500013326000360018327000560021930000210027565000200029665000120031620170124110155.0 aA-898685 c35.00a8175640790 aA-898685 bCen Lib/Ret aDPLbEN a155.2bMAR aMarden, Orison Swett aTo succeed in life / cby Orison Swett Marden aDelhibSahni Publicationsc1998 a4777, Dr. Mitra Gali, Roshanara RoadbDelhie110007 a160p. c18cm(Hb) aConduct of life aSuccess